书目信息 |
| 题名: |
早安 午安 晚安
|
|
| 作者: | 矢部太郎 著 ;吕灵芝 译 | |
| 分册: | ||
| 出版信息: | 杭州 浙江人民出版社 2021 |
|
| 页数: | 126页 | |
| 开本: | 21cm | |
| 丛书名: | ||
| 单 册: | ||
| 中图分类: | J238.2(313) , J238.2 | |
| 科图分类: | ||
| 主题词: | 漫画--日本--现代 | |
| 电子资源: | ||
| ISBN: | 978-7-213-10021-5 | |
| 000 | 01424nam0 2200265 450 | |
| 001 | 2366886805 | |
| 005 | 20231106183527.71 | |
| 010 | @a978-7-213-10021-5@dCNY38.00 | |
| 100 | @a20210316d2021 em y0chiy50 ea | |
| 101 | 1 | @achi@cjpn |
| 102 | @aCN@b330000 | |
| 105 | @aa t 000yy | |
| 200 | 1 | @a早安 午安 晚安@9zao an wu an wan an@f(日)矢部太郎著@g吕灵芝译 |
| 210 | @a杭州@c浙江人民出版社@d2021 | |
| 215 | @a126页@c图@d21cm | |
| 300 | @a文治 漫画人间 | |
| 314 | @a矢部太郎,1977年出生。在搞笑组合“卡拉特卡”中担任装傻的角色。除了是一名搞笑艺人,还参与舞台表演、影视演出等工作。 | |
| 330 | @a这是一本轻松讲述房东与房客关系的漫画。身为年轻搞笑艺人的矢部太郎租下了八十多岁高龄的房东太太的房间。他原本以为和房东住在同一栋公寓,生活中会处处受限,也担心自己的性格与老人家难以相处。但随着时间的推移,两人逐渐成了忘年交。矢部太郎逐渐发现了房东老太太的可敬与可爱之处,也享受着房东太太对他的慈爱与信任。当今社会,年轻人租房子打拼事业的比比皆是,在大城市为了自己的梦想奋斗时,非常需要个温馨的家,也会想起远在千里之外的父母尊长。另一方面,年轻人与老年人之间常常存在代沟,观念的不同经常会让双方困扰。这部漫画同时呈现了这两种现状,并提示了台适的解决方案。是一部轻松治愈、值得年轻人一读的漫画。 | |
| 606 | 0 | @a漫画@y日本@z现代 |
| 690 | @aJ238.2(313)@v5 | |
| 690 | @aJ238.2@v4 | |
| 701 | 0 | @c(日)@a矢部太郎@9shi bu tai lang@f(1977-)@4著 |
| 702 | 0 | @a吕灵芝@9lv ling zhi@4译 |
| 801 | 0 | @aCN@b91MARC@c20210508 |
| 905 | @aBZT@dJ238.2@e31 | |
| 早安 午安 晚安/(日)矢部太郎著/吕灵芝译.-杭州:浙江人民出版社,2021 |
| 126页:图;21cm |
| 文治 漫画人间 |
| ISBN 978-7-213-10021-5:CNY38.00 |
| 这是一本轻松讲述房东与房客关系的漫画。身为年轻搞笑艺人的矢部太郎租下了八十多岁高龄的房东太太的房间。他原本以为和房东住在同一栋公寓,生活中会处处受限,也担心自己的性格与老人家难以相处。但随着时间的推移,两人逐渐成了忘年交。矢部太郎逐渐发现了房东老太太的可敬与可爱之处,也享受着房东太太对他的慈爱与信任。当今社会,年轻人租房子打拼事业的比比皆是,在大城市为了自己的梦想奋斗时,非常需要个温馨的家,也会想起远在千里之外的父母尊长。另一方面,年轻人与老年人之间常常存在代沟,观念的不同经常会让双方困扰。这部漫画同时呈现了这两种现状,并提示了台适的解决方案。是一部轻松治愈、值得年轻人一读的漫画。 |
| ● |
| 相关链接 |
|
|
|
正题名:早安 午安 晚安
索取号:J238.2/31
 
预约/预借
| 序号 | 登录号 | 条形码 | 馆藏地/架位号 | 状态 | 备注 |
| 1 | 2000949335 | 2000949335 | 安徽/安徽时代(第一批)/785/ [索取号:J238.2/31] | 在馆 | |
| 2 | 2000949336 | 2000949336 | 安徽/安徽时代(第一批)/785/ [索取号:J238.2/31] | 在馆 | |
| 3 | 2000949337 | 2000949337 | 安徽/安徽时代(第一批)/785/ [索取号:J238.2/31] | 在馆 | |
| 4 | 2000949338 | 2000949338 | 安徽/安徽时代(第一批)/785/ [索取号:J238.2/31] | 在馆 |